000 00363nam a2200157Ia 4500
003 OSt
005 20240315104549.0
008 170619s9999 xx 000 0 und d
040 _cIIMT ENGINEERING COLLEGE
100 _aArora, S.C.
245 0 _aComputer aided Design
260 _bDhanpat Rai Pub.
260 _c2003
546 _aENGLISH
942 _2ddc
_c02
999 _c16975
_d16975